Diagnostika potenciálu autorských produktov duševného vlastníctva na prosperitu podnikov

Podstata autorských produktov duševného vlastníctva. Subjekty a procesy autorských produktov duševného vlastníctva. Diagnostika autorských produktov duševného vlastníctva v podniku.

Saved in:
Bibliographic Details
Main Author: Matušovič, Martin
Format: Book Chapter
Language:Slovak
Subjects:
Tags: Add Tag
No Tags, Be the first to tag this record!

MARC

LEADER 00000nla a2200000 4500
001 0186630
005 20240522121110.4
041 0 |a slo 
044 |a SK 
245 1 0 |a Diagnostika potenciálu autorských produktov duševného vlastníctva na prosperitu podnikov  |c Martin Matušovič 
520 |a Podstata autorských produktov duševného vlastníctva. Subjekty a procesy autorských produktov duševného vlastníctva. Diagnostika autorských produktov duševného vlastníctva v podniku. 
610 2 0 |a vlastníctvo duševné 
610 2 0 |a právo autorské 
610 2 0 |a podnik 
610 2 0 |a ochrana práv priemyselných 
100 1 |a Matušovič, Martin